| 000 | 00742nam a22001817a 4500 | ||
|---|---|---|---|
| 008 | 090624t xxu||||| |||| 00| 0 eng d | ||
| 020 | _a193013861X | ||
| 082 |
_222 _a615.58 _bCOM |
||
| 245 | _aNurse's Handbook of Combination Drugs/ | ||
| 260 |
_aShiremanstown, PA. _bBlanchard & Loeb, _c2007 |
||
| 300 | 7 | i |
_a752p.; _c20 cm. |
| 500 | _aIncludes index | ||
| 650 |
_96900 _aDrug combinations _v-- Handbooks |
||
| 650 |
_96901 _aDrug therapy, combinations _v-- Handbooks |
||
| 650 |
_96902 _aNursing care _v-- Handbooks |
||
| 942 |
_2ddc _cNRNB |
||
| 999 |
_c12025 _d12025 |
||